000 00454nam a2200181Ia 4500
001 25425
005 20260414151149.0
008 260414t2002||||xx |||||||||||||| ||spa||
041 _aESP
082 _a346.5
_bP19O
100 _aPalacio Pimentel, H. Gustavo,
_eAUT
245 0 _aLas obligaciones en el derecho civil peruano
_b
260 _c2002
300 _a581 páginas :
_c25 cm.
650 _aDER
654 _aCDE
942 _cLIB
_dJUS
_fJUS
_2ddc
_n
999 _c25425
_d25425